01527nam a2200349 a 4500001001200000003000800012006001900020007001500039008004100054010001700095020003700112020003400149020002700183040002100210035002100231050002600252100002200278245006800300246002000368250001200388260005100400300002500451500002000476505029900496533015200795630002000947650002100967655002900988710001701017856012601034999001701160ebr10395545CaPaEBRm u cr cn|||||||||100311s2010 inua s 001 0 eng d z 2010924558 z9780470591840 (pbk : alk. paper) z0470591846 (pbk : alk. paper) z9780470880265 (e-book) aCaPaEBRcCaPaEBR a(OCoLC)71404674014aZ52.5.M52bT97 2010eb1 aTyson, Herb Gene.10aMicrosoft Word 2010 bibleh[electronic resource] /cHerb Tyson.3 aWord 2010 bible a1st ed. aIndianapolis, Ind. :bWiley Pub., Inc.,c2010. axlii, 941 p. :bill. aIncludes index.0 apt. 1. My word, and welcome to it -- pt. 2. Word on the street -- pt. 3. Writing tools -- pt. 4. More than mere words -- pt. 5. Document design -- pt. 6. With all due reference -- pt. 7. Getting out the word -- pt. 8. Power and customization -- pt. 9. Collaboration : getting along with others. aElectronic reproduction.bPalo Alto, Calif. :cebrary,d2010.nAvailable via World Wide Web.nAccess may be limited to ebrary affiliated libraries.00aMicrosoft Word. 0aWord processing. 7aElectronic books.2local2 aebrary, Inc.40uhttp://site.ebrary.com/lib/rucke/Doc?id=10395545zAn electronic book accessible through the World Wide Web; click to view c88281d88281